Estética del cambio

Saved in:
Bibliografiske detaljer
Hovedforfatter: Keeney, Bradford P (Author)
Format: Bog
Sprog:spansk
Udgivet: Barcelona Paidós Ibérica 1991
Serier:Terapia Familiar, 17
Fag:
Tags: Tilføj Tag
Ingen Tags, Vær først til at tagge denne postø!

MARC

LEADER 00000nam a2200000 a 4500
001 UCK6715
003 CL-VaPUC
008 051014e19910000SP |||||||||||||||||spa|d
020 |a 8475096824 
082 0 4 |a 616.89156  |b KEE  |2 21 
100 |a Keeney, Bradford P  |e author  |9 496157 
245 1 0 |a Estética del cambio 
300 |a 228 p 
942 |c BK 
945 |d 20051014 00:00:00  |a cmena 
260 |a Barcelona  |b Paidós Ibérica  |c 1991 
650 0 |a Terapia familiar  |9 312193 
650 7 |a PSICOTERAPIA  |2 CL-VaPUC  |9 496158 
650 0 |a Epistemología   |9 264994 
583 |a last modification  |c 20051014 00:00:00  |k Rodrigo Vera 
490 0 |a Terapia Familiar, 17 
999 |c 314907  |d 314905 
952 |0 0  |1 0  |4 0  |6 616_891560000000000_KEE_1991  |7 0  |8 A  |9 387709  |a BIBGIM  |b BIBGIM  |d 2019-11-22  |i 4173104  |o 616.89156 KEE 1991  |p 4173104  |r 2025-01-15  |w 2019-11-22  |y BK  |k SSL